| 000 | 01067cam a22003137a 4500 | ||
|---|---|---|---|
| 999 |
_c4110 _d4110 |
||
| 001 | 14059295 | ||
| 003 | Nust | ||
| 005 | 20170105101620.0 | ||
| 008 | 050801s2005 ii 000 1 eng | ||
| 010 | _a 2005323957 | ||
| 020 | _a9780143033387 (pbk) | ||
| 025 | _aI-E-2005-323957; 26 | ||
| 037 |
_bLibrary of Congress -- New Delhi Overseas Office _cRs225.00 |
||
| 040 |
_aDLC _cDLC _dDLC |
||
| 042 | _alcode | ||
| 050 | 0 | 0 |
_aMLCS 2005/01015 (P) _aPR9499.4.G |
| 082 |
_a823.91 _bGUL |
||
| 100 | 1 | _aGulab, Rupa. | |
| 245 | 1 | 0 |
_aGirl alone / _cRupa Gulab. |
| 260 |
_aNew Delhi ; _aNew York, NY : _bPenguin Books, _c2005. |
||
| 300 |
_a204 p. ; _c19 cm. |
||
| 500 | _a"A Shobhaa Dé selection"--Cover. | ||
| 500 | _aNovel. | ||
| 856 | 4 | 2 |
_3Contributor biographical information _uhttp://www.loc.gov/catdir/enhancements/fy0716/2005323957-b.html |
| 856 | 4 | 2 |
_3Publisher description _uhttp://www.loc.gov/catdir/enhancements/fy0716/2005323957-d.html |
| 906 |
_a7 _bibc _corigode _d4 _encip _f20 _gy-gencatlg |
||
| 942 |
_2ddc _cBK |
||